000
00261 a2200121 4500
000
nam a22 7a 4500
020
_a
9780070681927
100
_a
Ganesan,V
_9
72
245
_a
Gas turbines
250
_a
3
260
_b
McGraw Hill
_c
2010
264
_b
McGraw Hill
999
_c
35910
_d
35910